Normal view
MARC view
Entry Personal Name
001 - CONTROL NUMBER
- control field: 5601
003 - CONTROL NUMBER IDENTIFIER
- control field: IT-RoPau
005 - DATE AND TIME OF LATEST TRANSACTION
- control field: 20131216163626.0
008 - FIXED-LENGTH DATA ELEMENTS
- fixed length control field: 131216|| aca||aabn | a|a d
040 ## - CATALOGING SOURCE
- Original cataloging agency: IT-RoPau
- Transcribing agency: IT-RoPau
100 ## - HEADING--PERSONAL NAME
- Personal name:
- Miscellaneous information: Codice autore musica SPICS: 1252
670 ## - SOURCE DATA FOUND
- Source citation: Work cat.: (IT-RoPau)101493: Depeche Mode 5599, Construction Time Again